[Event "4NCL Div 1 2018-19"]
[Site "Telford"]
[Date "2019.02.10"]
[Round "6.1"]
[White "Gormally, Daniel W"]
[Black "Erdos, Viktor"]
[Result "1/2-1/2"]
[WhiteElo "2483"]
[BlackElo "2604"]
[Annotator "TA"]
[PlyCount "21"]
[EventDate "2018.11.10"]
[EventType "team-tourn"]
[EventCountry "GBR"]
[SourceTitle "playchess.com"]
[Source "ChessBase"]
[SourceQuality "1"]

{[%evp 20,21,13,0]} 1. d4 Nf6 2. c4 c6 3. Nf3 d5 4. Nc3 dxc4 5. a4 Bf5 6. Nh4 $146 ({Predecessor:} 6. e3 e6 7. Bxc4 Bb4 8. O-O O-O 9. Qe2 Nbd7 10. e4 Bg6 11. Bd3 h6 12. Rd1 a6 13. Bf4 Qe7 14. h3 Rac8 15. Rac1 c5 16. e5 Bxd3 17. Qxd3 Bxc3 18. exf6 Qxf6 19. Bd6 Bxb2 20. Rc2 Bxd4 21. Bxf8 Rxf8 22. Nxd4 cxd4 23. Qxd4 Qxd4 24. Rxd4 {½-½ (37) Korobov,A (2699)-Bareev,E (2650) Wijk aan Zee 2019}) 6... Bc8 7. Nf3 Bf5 8. Nh4 Bc8 9. Nf3 Bf5 10. Nh4 Bc8 11. Nf3 1/2-1/2

[Event "4NCL Div 1 2018-19"]
[Site "Telford"]
[Date "2019.02.10"]
[Round "6.1"]
[White "Alsina Leal, Daniel"]
[Black "McShane, Luke J"]
[Result "1/2-1/2"]
[WhiteElo "2472"]
[BlackElo "2663"]
[Annotator "RC"]
[PlyCount "105"]
[EventDate "2018.11.10"]
[EventType "team-tourn"]
[EventCountry "GBR"]
[SourceTitle "playchess.com"]
[Source "ChessBase"]
[SourceQuality "1"]
[TimeControl "40/6000+30:3000+30"]

1. e4 {[%emt 0:02:32]} e5 {[%emt 0:00:00]} 2. Nf3 {[%emt 0:00:33]} Nc6 {[%emt 0:00:00]} 3. Nc3 {[%emt 0:01:17]} Nf6 {[%emt 0:00:04]} 4. d4 {[%emt 0:00:19]} exd4 {[%emt 0:00:11]} 5. Nxd4 {[%emt 0:00:06]} Bb4 {[%emt 0:00:05]} 6. Nxc6 {[%emt 0:00:16]} bxc6 {[%emt 0:00:06]} 7. Bd3 {[%emt 0:00:09]} d5 {[%emt 0:00:06]} 8. exd5 {[%emt 0:00:14]} O-O {[%emt 0:00:11]} 9. O-O {[%emt 0:00:04]} cxd5 {[%emt 0:00:05]} 10. h3 {[%emt 0:00:22]} c6 {[%emt 0:03:20]} 11. Qf3 {[%emt 0:00:22]} Rb8 {[%emt 0:04:25]} 12. Bf4 {[%emt 0:01:21]} Bd6 {[%emt 0:01:30]} 13. b3 {[%emt 0:00:43]} Qc7 {[%emt 0:18:36]} 14. Bxd6 {[%emt 0:11:36]} Qxd6 {[%emt 0:01:38]} 15. Qg3 {[%emt 0:04:24]} Qxg3 {[%emt 0:11:18]} 16. fxg3 {[%emt 0:00:25]} Re8 {[%emt 0:00:06]} 17. Rae1 {[%emt 0:17:27]} Kf8 {[%emt 0:00:41]} 18. Rxe8+ {[%emt 0:20:12]} Kxe8 {[%emt 0:00:25]} 19. Rf4 {[%emt 0:01:01]} Be6 {[%emt 0:04:45]} 20. Ra4 {[%emt 0:05:11]} Rb7 {[%emt 0:00:05]} 21. Ne2 {[%emt 0:03:51]} c5 {[%emt 0:11:31]} 22. c4 {[%emt 0:01:48]} d4 {[%emt 0:22:51]} 23. Ra5 {[%emt 0:08:12]} Rc7 {[%emt 0:00:26]} 24. Kf2 {[%emt 0:08:31]} g6 {[%emt 0:04:37]} 25. g4 {[%emt 0:02:32]} Ke7 {[%emt 0:05:49]} 26. g5 {[%emt 0:02:13]} Nd7 {[%emt 0:02:11]} 27. Nf4 {[%emt 0:01:41]} f5 {[%emt 0:13:10]} 28. Be2 {[%emt 0:05:31]} Nb6 {[%emt 0:01:08]} 29. h4 {[%emt 0:04:37]} Bc8 {[%emt 0:00:34]} 30. Nd3 {[%emt 0:01:56]} Kd6 {[%emt 0:02:35]} 31. b4 {[%emt 0:00:44]} Nxc4 {[%emt 0:00:51]} 32. bxc5+ {[%emt 0:00:52]} Ke7 {[%emt 0:00:03]} 33. Ra4 {[%emt 0:00:39]} Be6 {[%emt 0:00:52]} 34. Nf4 {[%emt 0:04:16]} Ne5 {[%emt 0:00:26]} 35. h5 {[%emt 0:00:53]} gxh5 {[%emt 0:00:34]} 36. Ra6 {[%emt 0:00:31]} Bg8 {[%emt 0:02:10]} 37. Ra5 {[%emt 0:00:37]} h4 {[%emt 0:00:24]} 38. Nd3 {[%emt 0:00:30]} Nd7 {[%emt 0:00:38]} 39. Bf3 {[%emt 0:00:27]} Bc4 {[%emt 0:00:26]} 40. Nb2 {[%emt 0:00:25]} Be6 {[%emt 0:00:35]} 41. Nd3 {[%emt 0:06:56]} Bc4 {[%emt 0:14:37]} 42. Nb2 {[%emt 0:01:30]} Ne5 {[%emt 0:06:55]} 43. Nxc4 {[%emt 0:05:50]} Nxc4 {[%emt 0:01:00]} 44. Ra4 {[%emt 0:00:11]} Ne5 {[%emt 0:22:37]} 45. Rxd4 {[%emt 0:02:42]} Kf7 {[%emt 0:00:08]} 46. Rxh4 {[%emt 0:18:37]} Kg6 {[%emt 0:00:30]} 47. c6 {[%emt 0:01:24]} Kxg5 {[%emt 0:00:37]} 48. Ra4 {[%emt 0:00:59]} Nxf3 {[%emt 0:02:03]} 49. Kxf3 {[%emt 0:01:55]} Rxc6 {[%emt 0:00:05]} 50. Rxa7 {[%emt 0:00:05]} Rc3+ {[%emt 0:00:12]} 51. Kf2 {[%emt 0:00:11]} Rc2+ {[%emt 0:00:35]} 52. Kf3 {[%emt 0:00:12]} Rc3+ {[%emt 0:00:06]} 53. Kf2 {[%emt 0:00:04]} 1/2-1/2

[Event "4NCL Div 1 2018-19"]
[Site "Telford"]
[Date "2019.02.10"]
[Round "6.2"]
[White "Jones, Gawain C B"]
[Black "Wells, Peter K"]
[Result "1-0"]
[WhiteElo "2683"]
[BlackElo "2415"]
[Annotator "TA"]
[PlyCount "135"]
[EventDate "2018.11.10"]
[EventType "team-tourn"]
[EventCountry "GBR"]
[SourceTitle "playchess.com"]
[Source "ChessBase"]
[SourceQuality "1"]

{[%evp 21,135,12,13,22,12,8,10,3,25,17,31,13,9,0,33,0,5,-47,0,0,0,0,0,0,0,-22,0,0,22,22,14,14,25,15,28,25,68,66,75,72,55,33,63,82,98,96,85,108,116,90,93,87,97,66,68,61,64,0,0,0,133,127,104,38,308,291,295,277,358,354,418,247,258,247,245,257,254,237,237,239,234,225,336,323,362,264,301,286,433,447,417,433,424,408,398,383,1000,1016,985,990,905,771,733,701,700,672,632,630,245,251,29997,29998,29998,29991,29991,12581]} 1. e4 c6 2. d4 d5 3. Nc3 {[%cal Bb1c3,Bc3e4,Be4g5][%mdl 32]} dxe4 4. Nxe4 Nd7 5. Ng5 Ngf6 6. Bd3 e6 7. N1f3 Bd6 8. Qe2 h6 9. Ne4 Nxe4 10. Qxe4 Qc7 11. O-O b6 12. Qg4 {B17: Caro-Kann: Modern Line (4...Nd7)} Kf8 $1 13. Re1 Bb7 14. b3 {The position is equal.} Nf6 15. Qh3 Rd8 16. Bb2 Nd5 17. g3 c5 18. dxc5 Bxc5 {[#]} 19. Qh5 $146 (19. Be4 $11) ({Predecessor:} 19. Be4 Nf6 20. Bxf6 gxf6 {½-½ (28) Giri,A (2732)-Ding,L (2711) Antalya 2013}) 19... Bb4 20. Re4 Nf6 21. Bxf6 $1 gxf6 22. Rc4 $1 {[%cal Rc4c7]} (22. Rxb4 $2 Qc3 $19) 22... Qe7 23. a3 Bd6 (23... Bxa3 24. Rxa3 $1 {[%mdl 512]} Rxd3 25. cxd3 $14) 24. Be4 f5 25. Bxb7 Qxb7 26. Rd1 {aiming for Rcd4.} Kg7 27. Rcd4 $36 {[%mdl 2048] White has some pressure.} Qc7 28. g4 Bc5 29. Rxd8 Rxd8 30. Rxd8 Qxd8 31. b4 $1 {[%cal Rb4c5]} Qd1+ 32. Kg2 Be7 33. gxf5 Qxc2 34. Qg4+ Kf8 35. fxe6 Qc6 36. exf7 Kxf7 37. Qf4+ Kg7 38. Qg3+ Kf7 39. a4 ({White should play} 39. Qg4 $14) 39... Qe4 $11 40. b5 h5 (40... Qxa4 $11 41. Ne5+ Ke6) 41. h3 $1 $16 Ke6 42. Qg7 ({White should try} 42. Qg8+ $1 $16 Kd6 43. Qg7) 42... Bc5 $2 {[%mdl 8192] [#]} (42... Kd5 $14) 43. Qh6+ $1 $18 Ke7 44. Qg5+ (44. Qxh5 Bd6 $18) 44... Kf8 45. Qxh5 Qxa4 46. Qf5+ (46. Ne5 $142 {[%csl Ge5][%cal Rh5f7]} Qa2 47. Nd7+ {[%mdl 64] Discovered Attack} Kg7 48. Qg5+ Kh8 49. Qh4+ Kg7 50. Qf6+ Kh7 51. Qf5+ Kh8 52. Nxc5 bxc5 53. Qxc5) 46... Ke7 47. Qe5+ Kd8 48. Qd5+ Ke7 49. Qb7+ Kf6 50. Qc6+ Ke7 51. Ng5 {And now Qe6+ would win.} Qa2 (51... Qf4 $142 52. Ne4 Qf5) 52. Ne4 Qg8+ 53. Kh1 Qc4 54. h4 Qc1+ (54... a5 {is a better defense.} 55. bxa6 Qxa6 56. Qf6+ Ke8 57. Qe6+ Kf8) 55. Kg2 Qf4 56. Qb7+ ({Not} 56. Nxc5 Qg4+ 57. Kf1 Qd1+ 58. Kg2 Qg4+ 59. Kf1 Qd1+ 60. Kg2 Qg4+ $11) 56... Kf8 57. Qc8+ Kg7 {[#]} 58. Qd7+ $1 ({Less strong is} 58. Nxc5 bxc5 59. Qd7+ (59. Qxc5 Qg4+ 60. Kf1 Qd1+ 61. Kg2 Qg4+ {[%mdl 64] Double Attack} 62. Kh1 Qf3+ 63. Kh2 Qf4+ {[%mdl 64] Double Attack} 64. Kh3 Qf3+ 65. Kh2 Qf4+ {[%mdl 64] Double Attack} 66. Kh3 Qf3+ 67. Kh2 $11) 59... Kf6 $16) 58... Kf8 $2 (58... Kh6) 59. Qd8+ Kf7 60. Ng5+ Kg6 61. Qe8+ Kf6 62. Qf7+ Ke5 63. Nf3+ Ke4 {Hoping for ...Qg4+.} 64. Qe6+ Kd3 65. h5 Bf8 $2 (65... Kc3 $18 66. h6 Bf8) 66. Qb3+ {White mates.} Ke4 67. Qc4+ Kf5 68. Nh4+ {Accuracy: White = 81%, Black = 43%.} (68. Qc8+ $142 Kf6 69. Qxf8+ Ke6 70. Qxf4 Kd5 71. h6 Kc5 72. h7 a5 73. h8=Q Kxb5 74. Qg7 Ka6 75. Qc4+ b5 76. Qe6#) 1-0

[Event "4NCL Div 1 2018-19"]
[Site "Telford"]
[Date "2019.02.10"]
[Round "6.2"]
[White "Tari, Aryan"]
[Black "Hunt, Harriet V"]
[Result "1/2-1/2"]
[WhiteElo "2620"]
[BlackElo "2417"]
[Annotator "TA"]
[PlyCount "75"]
[EventDate "2018.11.10"]
[EventType "team-tourn"]
[EventCountry "GBR"]
[SourceTitle "playchess.com"]
[Source "ChessBase"]
[SourceQuality "1"]

{[%evp 12,75,17,0,28,11,3,3,5,0,10,0,16,8,8,8,8,4,2,8,14,0,-8,-63,-61,-85,-83,-106,-104,-128,-83,-96,-97,-91,-97,-110,-111,-91,-95,-94,-45,-45,-26,-45,-45,-45,-3,-1,-1,0,-1,-7,0,0,0,0,0,0,0,0,0,-7,-6,-21,-16,-16]} 1. e4 e5 2. Nf3 Nc6 3. Bb5 a6 4. Ba4 Nf6 5. d3 b5 6. Bb3 Bc5 7. a4 Rb8 {C77: Ruy Lopez: 3...a6 4 Ba4 Nf6, unusual lines} 8. O-O (8. Nc3 d6 9. axb5 axb5 10. h3 h6 11. O-O O-O 12. Ne2 Bb6 13. c3 d5 14. Ng3 Be6 15. exd5 Nxd5 {0-1 (34) Fedoseev,V (2733)-Mamedyarov,S (2791) Sochi 2017}) 8... O-O 9. Nc3 h6 10. Nd5 d6 11. c3 Nxd5 12. exd5 $146 ({Predecessor:} 12. Bxd5 Ne7 {½-½ (12) Arribas Lopez,A (2488)-Ringoir,T (2506) Elgoibar 2013}) 12... Ne7 {[%cal Bc6e7,Be7g6,Bg6e5][%mdl 32]} 13. d4 exd4 14. Nxd4 Bd7 15. Qd3 Ng6 16. Bc2 Qf6 17. Be3 (17. Nb3 $11) 17... bxa4 $15 18. Rfb1 Bb5 19. c4 Bd7 20. Bxa4 Ne5 21. Qd1 Bg4 22. Qf1 Rb4 23. Nc6 Nxc6 24. Bxc5 dxc5 25. Bxc6 Rxb2 26. Rxb2 Qxb2 27. Rxa6 Be2 28. Qa1 Qxa1+ 29. Rxa1 {The position is equal.} Bxc4 {[%mdl 4096] Endgame KRB-KRB} 30. Ra5 Rb8 {[%cal Rb8b1] [#]} 31. h3 Rb1+ 32. Kh2 Rd1 33. Rxc5 Bb3 34. Bb7 Kf8 35. Kg3 Ke8 36. Kf4 Kd7 37. Ke4 Rd2 38. Ke3 {Accuracy: White = 47%, Black = 70%.} 1/2-1/2

[Event "4NCL Div 1 2018-19"]
[Site "Telford"]
[Date "2019.02.10"]
[Round "6.3"]
[White "Camacho Collados, Jose"]
[Black "Sadler, Matthew D"]
[Result "0-1"]
[WhiteElo "2401"]
[BlackElo "2691"]
[Annotator "TA"]
[PlyCount "160"]
[EventDate "2018.11.10"]
[EventType "team-tourn"]
[EventCountry "GBR"]
[SourceTitle "playchess.com"]
[Source "ChessBase"]
[SourceQuality "1"]

{[%evp 9,160,14,20,14,17,18,14,12,23,-29,12,12,14,9,31,13,62,50,53,47,56,43,32,0,0,0,0,-35,-22,-72,0,0,0,0,0,-18,-14,-62,-58,-58,-53,-61,0,0,0,6,5,0,156,171,150,136,162,141,140,148,172,151,394,387,465,370,402,265,285,76,86,37,37,27,97,11,19,29,32,25,20,28,54,49,64,65,56,49,245,243,319,309,304,304,300,296,285,275,370,315,320,306,312,301,309,300,391,304,286,0,352,306,310,302,316,316,389,274,471,236,267,223,258,255,301,275,314,293,258,224,247,194,268,201,200,117,110,0,0,-324,-317,-309,-306,-465,-449,-29972,-29973,-29973,-29974,-29980,-29981,-29981,-29982,-29981,-29982,-29982,-29972]} 1. Nf3 d5 2. g3 Bg4 3. Bg2 Nd7 4. d4 e6 5. O-O c6 6. c3 {A07: Réti Opening: New York and Capablanca Systems} (6. Nbd2 Ngf6 7. Re1 Be7 8. e4 O-O 9. c3 dxe4 10. Nxe4 Nxe4 11. Rxe4 Bxf3 12. Qxf3 Bg5 13. h4 Bxc1 14. Rxc1 Nf6 15. Re5 Nd7 16. Re3 Qa5 17. a3 Qb5 18. Rc2 a5 19. c4 {1-0 (43) Artemiev,V (2709)-Navara,D (2736) Skopje 2018}) 6... Bd6 7. Qb3 Rb8 8. e4 $146 {The position is equal.} ({Predecessor:} 8. Bg5 f6 9. Bc1 Qe7 10. Nbd2 f5 11. e3 Ngf6 12. Qa4 a6 13. c4 O-O {0-1 (31) Frank,J (2008)-Videki,S (2394) Budapest 2005}) 8... Ne7 9. c4 (9. Nbd2 $142) 9... O-O 10. Nc3 {[%cal Rc4d5]} dxc4 11. Qxc4 b5 12. Qd3 b4 13. Na4 $1 Qa5 14. b3 Rfd8 15. Nd2 Qh5 16. Qe3 c5 $36 {[%mdl 2048] White is under pressure.} 17. Bb2 cxd4 18. Qxd4 {[%csl Gb2][%cal Rd4g7]} Ne5 19. f4 N7c6 (19... Bc7 $17 20. Qxa7 Rxd2 21. fxe5 Bxe5 22. Bxe5 Qxe5) 20. Qe3 $11 Nd3 $1 {[%cal Rd3b2]} 21. e5 (21. Qxd3 $2 Bc5+ 22. Nxc5 Qxc5+ 23. Bd4 Nxd4 $19) 21... Bc7 $1 22. Nc4 Nxb2 23. Naxb2 {[%cal Ba4b2,Bb2d3,Bd3c5,Bc5a6,Ba6b4,Bb4c6][%mdl 32]} Nd4 24. Rf2 Rd7 $1 25. Nd3 Bd8 (25... Ne2+ $15 26. Kh1 Rbd8) 26. Nc5 Nf5 27. Qe1 Rd4 28. Na6 Rb5 $2 (28... Rc8 $1 $11) 29. Nxb4 $16 {Strongly threatening Nc6.} Be7 30. Nc6 {And now Nd6 would win.} Bc5 {Hoping for ...Rxc4!} 31. Nxd4 Bxd4 32. Rc1 g5 33. Nd6 Rb8 $2 (33... Nxd6 $16 {might work better.} 34. exd6 e5) 34. Ne4 $18 Qg6 {If only Black now had time for ...gxf4....} 35. Nf6+ {[%mdl 64] Double Attack} Kh8 36. fxg5 (36. Nxg4 gxf4 37. Kh1 Nxg3+ 38. hxg3 fxg3 $18) 36... Qxg5 37. Nxg4 $2 (37. Rc7 $18 {has better winning chances.} Kg7 38. h4) 37... Qxg4 $16 38. Qe4 Qg5 39. Qf4 Qg7 (39... Qxf4 $11 40. gxf4 Rg8) 40. g4 (40. Re1 $16) 40... Rg8 41. Rc4 Bxe5 42. Qf3 Nd6 $1 {[%cal Rd6c4]} 43. Rc6 {With the idea Qd1.} f5 44. Qd1 (44. gxf5 Nxf5 45. Kh1 Nd4 $11) 44... Qh6 45. h3 fxg4 46. hxg4 (46. Rxd6 $2 gxh3 47. Rd8 Bh2+ $1 {[%mdl 512]} 48. Kf1 hxg2+ 49. Rxg2 Qf6+ 50. Rf2 Rxd8 $19) 46... Ne8 $2 ({Better is} 46... Rd8 $14) 47. Kf1 $18 Ng7 48. Qc1 Qg6 49. Qe3 Bb8 50. Qe4 Qg5 51. Qc4 Qd8 {[%cal Rd8d1]} 52. Qc2 Be5 53. Rf7 Qe8 54. Rf3 (54. Rxa7 Rf8+ 55. Ke1 Qd8 $16) 54... Qd7 55. Rc5 Bd6 56. Rc4 Be5 57. Rc5 Bd6 $1 58. Qd3 Qe7 59. Rc6 Be5 60. Qe4 Qd7 61. Rc5 Bd4 $2 {[#]} (61... Ba1 62. Qd3 Qe7) 62. Rc4 (62. Rh3 $142 $1 {[%csl Ge4][%cal Rh3h7][%mdl 512]} Nf5 63. Rc4 (63. gxf5 Bxc5 64. Qe5+ Rg7 $11)) 62... Bb6 63. Qc2 Rd8 64. Rh3 {[%csl Gh3][%cal Rc2h7]} Rf8+ 65. Bf3 {[%csl Gh3][%cal Rc2h7]} h5 66. Kg2 (66. gxh5 Nf5 $14) 66... Kg8 67. Re4 Rc8 68. Qe2 Rc5 (68... Rc1 $142 69. Rh1 (69. gxh5 $2 Qc7 $19) 69... Rc3) 69. Rc4 Rg5 70. Qc2 (70. Kh1 $18) 70... Nf5 $16 {[#]} 71. Rc8+ ({White should play} 71. Kh1 $1 $16) 71... Kf7 $11 72. Kh1 $2 {[%mdl 8192]} (72. Qc3 $11 {and White is okay.}) 72... Qd4 $19 {[%csl Gb6][%cal Rd4g1]} 73. Qd1 {Black must now prevent Qxd4.} hxg4 74. Rh7+ (74. Bxg4 $142 Qxd1+ 75. Bxd1 Rg1+ {[%mdl 64] Double Attack} 76. Kh2 Rxd1 77. a3) 74... Kg6 {( -> ...Ng3+)} 75. Rg8+ (75. Qxd4 $19 Bxd4 76. Bxg4 Kxh7 77. Bf3) 75... Kxh7 {Black mates.} 76. Rxg5 gxf3 {[%cal Rd4h4]} 77. Rh5+ Kg6 78. Qxd4 Bxd4 79. Rh3 f2 80. Kg2 e5 {Accuracy: White = 47%, Black = 51%.} 0-1

[Event "4NCL Div 1 2018-19"]
[Site "Telford"]
[Date "2019.02.10"]
[Round "6.3"]
[White "Webb, Laurence E"]
[Black "Lupulescu, Constantin"]
[Result "0-1"]
[WhiteElo "2333"]
[BlackElo "2601"]
[Annotator "TA"]
[PlyCount "116"]
[EventDate "2018.11.10"]
[EventType "team-tourn"]
[EventCountry "GBR"]
[SourceTitle "playchess.com"]
[Source "ChessBase"]
[SourceQuality "1"]

{[%evp 12,116,17,17,14,20,25,15,17,18,16,11,12,15,18,9,21,26,10,32,0,-10,-14,-1,0,0,0,-18,-18,-13,-12,-92,-107,-145,-137,-145,-134,-128,-126,-135,-126,-232,-204,-368,-373,-420,-416,-846,-835,-722,-957,-941,-940,-779,-650,-602,-337,-334,-290,-300,-301,-520,-390,-378,-370,-370,-350,-391,-370,-393,-381,-394,-393,-387,-381,-384,-362,-371,-363,-573,-566,-559,-551,-541,-536,-565,-535,-539,-425,-659,-643,-833,-841,-2077,-684,-672,-660,-764,-702,-636,-591,-813,-728,-1039,-892,-29984,-29985]} 1. d4 Nf6 2. Nf3 d5 3. c4 e6 4. Nc3 Nbd7 5. cxd5 exd5 6. Bg5 c6 7. e3 h6 {D35: Queen's Gambit Declined: Exchange Variation} 8. Bh4 g5 9. Bg3 Nh5 {The position is equal.} 10. Bd3 Nxg3 11. hxg3 Bg7 12. Qc2 Qe7 13. Rc1 {With the idea Nxd5!} Nb6 14. O-O {[#]} O-O $146 ({Predecessor:} 14... Be6 15. Rfe1 {0-1 (38) Eidemiller,M (2205)-Swiercz,D (2663) Philadelphia 2018}) 15. Bh7+ Kh8 16. Bf5 Bxf5 17. Qxf5 Nc4 18. Qc2 f5 19. Na4 Nd6 20. Nc5 g4 21. Ne1 (21. Nh4 $11 Kh7 22. Rfd1) 21... h5 $1 $17 22. Ned3 {[#]} Rf6 $1 23. Nf4 {[#]} Rh6 $1 24. Nxb7 Nxb7 ({Don't play} 24... Qxb7 $6 25. Qxc6 Rb8 26. Qxb7 $11) 25. Qxf5 {And now Ng6+ would win.} Qe8 26. Rc3 (26. Qc2 $17 {was worth a try.}) 26... Nd6 $19 {[%cal Bb7d6,Bd6e4,Be4g3,Bg3f1][%mdl 32]} 27. Qc2 $2 (27. Qd3) 27... Ne4 28. Rb3 Qe7 29. f3 (29. Rc3 $142 Qf6 30. Rc1 Nxc3 31. bxc3) 29... Nxg3 30. Ng6+ {[#]} Rxg6 $1 {[%mdl 64] Remove Defender} 31. Qxg6 Qh4 {[%cal Rg3e2]} 32. Kf2 Nxf1+ 33. Kxf1 Qh1+ 34. Kf2 gxf3 35. gxf3 {intending Rb7.} Rf8 36. Qg2 $2 (36. f4 {was the only chance.}) 36... Qxg2+ 37. Kxg2 {[%mdl 4096] Endgame KRB-KR} Bf6 38. Rc3 Rg8+ 39. Kh2 Rc8 40. b4 Be7 41. a3 Kg7 42. e4 dxe4 43. fxe4 Kf6 44. Kh3 Ke6 45. b5 (45. d5+ $142 Kd7 46. Re3) 45... Kd7 46. Rb3 c5 47. dxc5 Bxc5 48. a4 Bb6 49. Rg3 Kd6 50. Rg7 (50. Ra3 $142) 50... Rc7 51. Rg6+ Ke5 52. Kh4 Rh7 (52... Rc1 $142 53. Kxh5 Ra1) 53. Rg2 Kxe4 54. Ra2 Bd8+ 55. Kh3 Ba5 56. Re2+ Kd3 57. Re6 Kc4 58. Ra6 Bb6 {Accuracy: White = 30%, Black = 89%.} 0-1

[Event "4NCL Div 1 2018-19"]
[Site "Telford"]
[Date "2019.02.10"]
[Round "6.4"]
[White "Parligras, Mircea-Emilian"]
[Black "Ledger, Andrew J"]
[Result "1-0"]
[WhiteElo "2645"]
[BlackElo "2348"]
[Annotator "TA"]
[PlyCount "67"]
[EventDate "2018.11.10"]
[EventType "team-tourn"]
[EventCountry "GBR"]
[SourceTitle "playchess.com"]
[Source "ChessBase"]
[SourceQuality "1"]

{[%evp 19,67,82,78,83,97,97,122,123,123,92,92,71,65,72,100,91,110,75,112,104,84,93,112,100,110,118,95,96,132,72,117,73,391,393,330,243,206,166,137,145,279,275,547,552,811,814,787,794,755,793]} 1. d4 d5 2. c4 c6 3. Nf3 Nf6 4. Nc3 a6 5. e3 b5 6. c5 {D15: Slav Defence: 4 Nc3 a6 and gambit lines after 4 Nc3 dxc4} (6. b3 Bg4 7. cxd5 cxd5 8. Bd3 e6 9. a4 b4 10. Ne2 Bxf3 11. gxf3 Be7 12. Bd2 O-O 13. Rc1 Qd7 14. Qc2 Bd6 {1-0 (28) Aronian,L (2805)-Laznicka,V (2647) Riadh 2017}) 6... Bg4 7. h3 Bxf3 8. gxf3 e5 9. dxe5 Nfd7 10. f4 Nxc5 {LiveBook: 5 Games} 11. Bg2 Ra7 12. O-O f5 $146 ({Predecessor:} 12... Be7 13. Qd4 Rd7 14. f5 O-O 15. f6 gxf6 16. exf6 {1-0 (16) Pirisi,G (2432)-Vernay,C (2224) France 2005}) 13. b4 Ne6 14. a3 a5 15. Rb1 axb4 16. axb4 Be7 17. Qb3 {[%cal Rc3d5] aiming for Nxd5!} Nc7 18. Rd1 Qc8 19. Ne2 Ne6 20. Bb2 Ra4 21. Rbc1 {Black must now prevent Bxd5!} Rxb4 {[#]} 22. Qc2 $1 {Hoping for Bxd5!} Nc5 23. Nd4 Nba6 24. Bc3 (24. Ba3 $142 Rc4 25. Qxf5 Qxf5 26. Nxf5) 24... Rc4 $16 {Threatens to win with ...b4.} 25. Bf1 $36 {[%mdl 2048] Black is under strong pressure.} (25. Qxf5 $6 Qxf5 26. Nxf5 Nb3 $11) (25. Nxf5 $2 b4 $19) 25... b4 $2 {[%mdl 8192]} (25... O-O $16 {is tougher.}) 26. Bxc4 $18 (26. Qxf5 $2 Qxf5 27. Nxf5 Rxc3 $19) 26... dxc4 27. Be1 ({Less strong is} 27. Qxf5 Qxf5 28. Nxf5 bxc3 $16) (27. Nxf5 bxc3 28. e6 (28. Nxg7+ Kf8 $11) 28... Bf8 $16) 27... c3 28. Qxf5 ({Not} 28. Nxf5 b3 $11) 28... Qxf5 29. Nxf5 Nb3 {[#]} (29... Na4 $16 {was called for.} 30. Nxg7+ Kf7) 30. Rc2 $1 ({Inferior is} 30. Nxg7+ Kf7 $11) 30... Nc7 $2 (30... Rg8 31. f3 g5 32. Nxe7 Kxe7) 31. Rb1 {White is clearly winning.} Na5 32. Nxe7 Kxe7 33. Rxb4 Nd5 34. Ra4 {Precision: White = 73%, Black = 24%.} 1-0

[Event "4NCL Div 1 2018-19"]
[Site "Telford"]
[Date "2019.02.10"]
[Round "6.4"]
[White "Edouard, Romain"]
[Black "Palliser, Richard J D"]
[Result "1-0"]
[WhiteElo "2636"]
[BlackElo "2414"]
[Annotator "TA"]
[PlyCount "117"]
[EventDate "2018.11.10"]
[EventType "team-tourn"]
[EventCountry "GBR"]
[SourceTitle "playchess.com"]
[Source "ChessBase"]
[SourceQuality "1"]

{[%evp 21,117,0,0,-19,-17,-48,-5,-5,52,63,31,-18,-31,-22,0,0,0,0,0,0,0,0,59,-34,-35,-15,0,17,0,5,50,0,6,0,75,83,93,79,95,83,120,126,126,125,127,126,105,123,126,118,141,131,135,43,40,73,133,122,209,179,223,215,221,194,190,168,235,236,261,261,243,187,181,129,189,193,187,111,218,200,247,58,147,0,243,0,126,112,329,322,351,337,605,580,527,360,1379,1214]} 1. e4 c5 2. Nf3 d6 3. Bb5+ Bd7 4. Bxd7+ Qxd7 5. O-O Nf6 6. Qe2 Nc6 7. Rd1 {B52: Sicilian: Moscow Variation with 3...Bd7} (7. b3 g6 8. Bb2 Bg7 9. c4 Nh5 10. Bxg7 Nxg7 11. Nc3 O-O 12. Qe3 e5 13. d3 f5 14. Nd5 f4 15. Qd2 Ne6 16. b4 {½-½ (71) Anand,V (2759)-Grischuk,A (2766) Leuven 2018}) 7... g5 8. c3 g4 9. Nh4 O-O-O 10. d4 d5 11. e5 Ne4 {LiveBook: 3 Games} 12. Bf4 Rg8 $146 ({Predecessor:} 12... h5 13. Nd2 Nxd2 14. Qxd2 e6 {½-½ (39) Senzacqua,F (2126)-Cuccumini,V (2062) ICCF email 2012}) 13. dxc5 Nxc5 14. b4 {[%cal Bb2b4,Bb4b5][%mdl 32]} Ne6 (14... Na4 $11) 15. Bg3 $1 $14 Bh6 16. Nf5 Nf4 17. Qc2 Ne2+ 18. Qxe2 Qxf5 19. b5 Na5 $1 20. Na3 e6 21. Rd4 Bf8 (21... Kb8 $11) 22. Ra4 (22. Nc2 $1 $14) 22... Bxa3 $1 $15 23. Rxa3 Nc4 24. Rxa7 Kb8 25. Ra4 Qg5 26. f4 gxf3 $1 27. Qxf3 Rd7 (27... Qd2 $11) 28. Re1 $36 {[%mdl 2048] White is on the roll.} h5 29. Qf2 b6 30. Ra6 ({Much worse is} 30. Rxc4 $6 dxc4 31. Qxb6+ Rb7 $11) 30... Kb7 31. a4 {[#] And now a5! would win.} Ra8 32. Bh4 Qg8 33. Rxa8 Qxa8 34. Qc2 Qh8 35. Qe2 Rc7 36. h3 Qh6 37. Qf2 (37. Bf2 $16) 37... Qd2 38. Qf3 Qh6 (38... Qc2 $142) 39. Bf2 Qg6 (39... Nd2 $16 40. Qd1 Nc4) 40. Bd4 $18 Rc8 41. Rf1 Rc7 42. Qe2 Qg5 43. Rf2 Qg6 (43... Rd7 {was worth a try.} 44. Rf6 Re7) 44. Qf1 Qh7 45. Kh2 Qg8 46. Rf6 Nd2 47. Qd3 (47. Qc1 $18 Ne4 48. Rf3) 47... Ne4 (47... Qg5 $16) 48. Rf4 Qg6 49. Qe3 (49. Qf3 $18) 49... Rc4 (49... Rc8 $16) 50. Qf3 Rc7 51. Rh4 $2 (51. a5 $18 bxa5 52. b6) 51... Rc4 ({Black should try} 51... Rc8 $14) 52. Rf4 (52. Rxh5 $16 Nd2 53. Qd1) 52... Rc7 {[#]} 53. Qe3 (53. a5 $1 $18 bxa5 54. b6) 53... Rc4 $16 54. Rf3 h4 $2 (54... Rxa4 $16 55. Qf4 Kc8) 55. Qf4 $18 ({Worse is} 55. Bxb6 Rxc3 56. Qf4 (56. Qg1 Rxf3 57. gxf3 Ng5 $11) 56... Rc2 $11) 55... Ng5 56. Rf1 Rxa4 $2 (56... Qd3 57. Rc1 Qg6 58. Qxh4 f5 59. exf6 e5) 57. Qxh4 Ra2 {( -> ...Nf3+!)} 58. Qg4 Qd3 $2 (58... Ne4 59. Qxg6 fxg6 60. Rf7+ Kc8) 59. Rf4 {Precision: White = 51%, Black = 42%.} 1-0